|
|
|
|
| LEADER |
00000nam a2200000 4500 |
| 001 |
vtls012282261 |
| 003 |
SK-MaSNL |
| 005 |
20260425225019.0 |
| 008 |
250904s2025 xo a grh 000 0aslo |
| 020 |
|
|
|a 9788057068136
|q (brožované)
|
| 040 |
|
|
|a SNK
|b slo
|c SNK
|e rda
|
| 041 |
0 |
|
|a slo
|
| 044 |
|
|
|a xo
|c SK
|
| 072 |
|
7 |
|a 323
|x Vnútropolitický vývoj, politický život
|2 konspekt
|
| 072 |
|
7 |
|a 929
|x Biografie
|2 konspekt
|
| 080 |
|
|
|a 94(437)"1989"
|2 2011
|
| 080 |
|
|
|a (437)
|2 2011
|
| 080 |
|
|
|a (0:82-322.6)
|2 2011
|
| 080 |
|
|
|a 321.7+342.34
|2 2011
|
| 080 |
|
|
|a 323
|2 2011
|
| 080 |
|
|
|a (437.6)
|2 2011
|
| 100 |
1 |
|
|a Vaňo, Dušan
|4 aut
|9 82786
|
| 245 |
1 |
0 |
|a Nežná kamufláž a Baťo
|c Dušan Vaňo
|
| 250 |
|
|
|a 3. upravené vydanie
|
| 264 |
|
1 |
|a [Topoľčany]
|b Autor vlastným nákladom
|c 2025
|
| 300 |
|
|
|a 295 strán
|b ilustrácie
|c 21 cm
|
| 336 |
|
|
|a text
|b txt
|2 rdacontent
|
| 337 |
|
|
|a bez média
|b n
|2 rdamedia
|
| 338 |
|
|
|a zväzok
|b nc
|2 rdacarrier
|
| 500 |
|
|
|a Miesto vydania podľa NA ISBN
|
| 500 |
|
|
|a Kniha bola vydaná autorom ako bibliofília
|
| 648 |
|
7 |
|a 20.-21. storočie
|2 SNKPH
|9 302531
|
| 648 |
|
7 |
|a 20th-21st centuries
|2 SNKPHeng
|9 285312
|
| 650 |
0 |
7 |
|a Nežná revolúcia (1989 : Československo)
|2 SNKPH
|9 176560
|
| 650 |
0 |
7 |
|a Velvet revolution, 1989
|2 SNKPHeng
|9 315872
|
| 650 |
0 |
7 |
|a demokracia
|2 SNKPH
|9 3564
|
| 650 |
0 |
7 |
|a Democracy
|2 SNKPHeng
|9 3565
|
| 650 |
0 |
7 |
|a spoločnosť a politika
|2 SNKPH
|9 1526
|
| 650 |
0 |
7 |
|a Society and policy
|2 SNKPHeng
|9 299290
|
| 651 |
|
7 |
|a Československo
|2 SNKPHgeo
|9 21376
|
| 651 |
|
7 |
|a Czechoslovakia
|2 SNKPHeng
|9 265183
|
| 651 |
|
7 |
|a Slovensko
|2 SNKPHgeo
|9 14231
|
| 651 |
|
7 |
|a Slovakia
|2 SNKPHeng
|9 92630
|
| 655 |
|
7 |
|a autobiografické príbehy
|2 SNKPH
|9 70622
|
| 655 |
|
7 |
|a Autobiographical stories
|2 SNKPHeng
|9 302869
|
| 852 |
|
|
|a Slovenská národná knižnica
|
| 919 |
|
|
|a 978-80-570-6813-6
|
| 964 |
9 |
|
|a Dušan Vaňo (Topoľčany, Slovensko)
|
| 999 |
|
|
|c 633749
|d 635679
|
| 952 |
|
|
|a SNK
|b SNK
|y NEVYP
|7 1
|p 17A1579988
|o snkSC 211463
|i snk2025/13979
|8 0
|0 0
|1 0
|4 0
|d 2025-09-04
|l 0
|r 2026-02-23 17:31:15
|w 2026-02-23
|